| 000 | 01230naa a22003257a 4500 | ||
|---|---|---|---|
| 001 | BR8801251 | ||
| 003 | BR-BrBNA | ||
| 005 | 20240918175954.0 | ||
| 007 | ta | ||
| 008 | 230509b bl.||||| |||| 00| 0 por d | ||
| 040 |
_aBR-BrBNA _bpor _cBiblioteca Nacional de Agricultura |
||
| 041 | _a(Pt) | ||
| 072 |
_aF30 _b0120 _bG514 |
||
| 090 | _aF30 BR8801251 | ||
| 100 | 1 | _aCarbonera, R. | |
| 100 | 1 | _aViau, L.V.M. | |
| 100 | 1 | _aColombo, V. | |
| 111 | 1 |
_a30. Reuniao Tecnica Anual do Milho _cPorto Alegre, RS (Brazil) _d6 Aug 1985 |
|
| 245 | 1 | _aComportamento de cultivares de milho (Zea mays L.)introduzidas no Rio Grande do Sul | |
| 246 | 1 | _a[Reaction of maize cultivars at Rio Grande do Sul] | |
| 246 | 1 | _a[Proceedings of the 30th Maize Technical Annual Reunion] | |
| 260 | 3 |
_aPorto Alegre, RS (Brasil): _c1985. |
|
| 500 | _aAta do 30. Reuniao Tecnica Anual do Milho Porto Alegre, RS (Brasil): 1985. p. 306-309 (BR8801251-AM)F30 | ||
| 650 | _aMILHO | ||
| 650 | _aCOMPORTAMENTO DE VARIEDADE | ||
| 650 | _aCARACTERISTICAS AGRONOMICAS | ||
| 773 | 0 |
_tAta do 30. Reuniao Tecnica Anual do Milho _wF30 BR8801251 _gPorto Alegre, RS (Brasil), 1985. p. 306-309 |
|
| 909 |
_a202404 _bLucia _c55 _dLucia Elande |
||
| 942 |
_cAM _2AGRIS |
||
| 999 |
_c319037 _d319037 |
||